00827nam a2200265 a 4500001001000000005001700010008004100027041000800068044000800076050002100084100003300105245004900138260003500187300001900222500000900241650003000250650001700280650003600297651003700333651004300370902000800413942001100421999001500432952011400447BRCA_350620190320204319.0250709s1937----nyu#---###---#000-0#eng-# aeng anyu 4aF1216b.C66 19371 aConlen, William James.9911910aVignettes of Méxicocby William J. Conlen. aNew YorkbHouse of Fieldc1937 a145 p.c19 cm. aB91.14aIndios de México.9912014aMayas.9807714aViajeros estadounidenses.97583 4aYucatánxAntigüedades.99121 4aMéxicoxDescripción y viajes.9103 aGFM 2lcccB c3241d3241 00104070aBRCAbBRCAd2009-07-25iB91.l0oF1216 .C66 1937 (B91.)p3503r2019-03-22 00:00:00w2019-03-22yB